Nom des personnages de DBZ/DBS (Canon) - Statistiques

Statistiques générales
  • Ce quiz a été pris 1 428 fois
  • Le résultat moyen est 31 sur 82
Statistiques - réponses
Hint Réponse % Correct
Saiyan Vegeta
97%
Saiyan Son Goku
89%
Demi-Saiyan Son Gohan
85%
Demi-Saiyan Trunks
85%
Demi-Saiyan Son Goten
79%
Terrienne Bulma
77%
Cyborg C-17
76%
Cyborg C-18
76%
Cyborg C-16
72%
Fusion Vegeto
71%
Majin Buu
70%
Namek Piccolo
70%
Dieu Univers 7 Beerus
69%
Saiyan Bardock
68%
Cyborg C-19
67%
Terrienne Chi-Chi
67%
Cyborg Cell
65%
Terrien Yamcha
64%
Saiyan Nappa
63%
Saiyan Raditz
63%
Terrien Krillin
62%
Ange Whis
62%
Fusion Gotenks
58%
Guerrier Univers 11 Jiren
55%
Sorcier Babidi
54%
Roi Suprême Zen'o
54%
Demi-Saiyan Pan
53%
Terrien Tenshinhan
49%
Démon Dabra
47%
Guerrier du froid Freeza
46%
Dieu Univers 6 Champa
45%
Namek Dende
43%
Terrienne Videl
43%
Guerrier de Freeza Ginyu
41%
Demi-Saiyan Bra
39%
Cyborg Dr.Gero
39%
Guerrier Univers 6 Hit
39%
Saiyan Kale
38%
Saiyan Roi Vegeta
38%
Guerrier Univers 11 Toppo
36%
Saiyan Caulifla
35%
Terrien Chaozu
35%
Ange Vados
35%
Guerrier de Freeza Dodoria
32%
Guerrier de Freeza Zarbon
32%
Absorption Buuhan
31%
Guerrier de Freeza Guldo
30%
Patrouilleur Jaco
26%
Absorption Buutenks
25%
Ange Suprême Grand prêtre
23%
Guerrier de Freeza Jeece
23%
Guerrier de Freeza Kiwi
23%
Guerrier de Freeza Recoom
23%
Guerrier du froid Roi Cold
22%
Guerrier Univers 11 Dyspo
21%
Dieu Univers 7 Kaioshin du Sud
20%
Namek Kami
20%
Majin Kid Buu
20%
Guerrier du froid Frost
18%
Majin Super buu
18%
Guerrier de Freeza Barta
17%
Terrienne Lunch
15%
Terrien Kamé Sennin
13%
Saiyan Kyabe
13%
Terrienne Mai
13%
Terrien Uub
13%
Dieu Univers 11 Vermoud
12%
Terrien Yajirobe
12%
Guerrier Univers 2 Ribrianne
9%
Guerrier Univers 6 Botamo
6%
Guerrier Univers 6 Magetta
6%
Fusion Kafla
5%
Terrien M.Satan
5%
Terrien Pilaf
5%
Dieu Univers 10 Gowasu
3%
Guerrier Univers 2 Kakunsa
3%
Ange Marcarita
3%
Guerrier de Freeza Sorbet
3%
Fusion Zamasu Fusionné
3%
Dieu Univers 2 Helles
2%
Guerrier Univers 2 Roasy
2%
Guerrier de Freeza Tagoma
2%
Aucun quiz correspondant
Distribution des résultats
% des personnes avec chaque résultat
Percentile par nombre de réponses
Votre historique - résultats
Vous n’avez pas pris ce quiz